| 000 | 01854cam a2200397 4500 | ||
|---|---|---|---|
| 003 | PE-LiUPU | ||
| 005 | 20250731183421.0 | ||
| 008 | 231102b |||||||| |||| 00| 0 spa d | ||
| 020 | _a9972891228 | ||
| 035 | _a(Sirsi) i9789972891229 | ||
| 035 | _a(Sirsi) 27334 | ||
| 035 | _a(Sirsi) 27334 | ||
| 040 |
_aPE-LiUPU _bspa _cPE-LiUPU _erda |
||
| 041 | _aes | ||
| 044 | _ape | ||
| 082 | 0 | 4 |
_a759 _bE37m _223 |
| 110 | 0 | 0 | _aEl Comercio S.A., Empresa Editora |
| 245 |
_aMaestros de la pintura / _cEl Comercio, Empresa Editora S. A. |
||
| 264 | 1 |
_aLima : _bEmpresa Editora El Comercio, _c2002 |
|
| 300 |
_a272 páginas : _bilustraciones ; _c28 cm. |
||
| 500 | _aEncuadernado en la imprenta Unión y sín cubierta. Contiene 33 fascículos | ||
| 505 | 0 | _aLa lectura de una obra de arte. Prerrenacimento. Escuela alemana y flamenca. Alto renacimiento. Escuela veneciana. Manierismo frente al barroco. Barroco en España. Barroco en países bajos. Pintura inglesa del XVIII. Rococó. Neoclasicismo. Romanticismo. Realismo. Prerrafaelistas frente a simbolistas. Impresionismo I. Impresionismo II. Postimpresionismo. Postimpresionismo y siglo XX. Del art noveau al expresionismo. Expresionismo. Matisse y el fauvismo. Picasso y el cubismo. Cubismo II. Surrealismo I. Surrealismo II. Modernidad clásica. Arte de América. Pintura fantástica. Expresionismo abstracto. Pop art. Pintura contemporánea I. Pintura contemporanea II. | |
| 521 | _aPúblico en general | ||
| 526 | _aP158 | ||
| 526 | _aP146 | ||
| 526 | _aP17 | ||
| 526 | _aP12 | ||
| 526 | _aP06 | ||
| 650 | 1 | 4 |
_aPintura _xColecciones |
| 650 | 1 | 4 |
_aPintores _vBiografías |
| 910 | _aaj | ||
| 942 |
_2ddc _cBK _n0 |
||
| 949 |
_a752.2 C73 _i51655 _lCCODEBUL1 _mBUL _tLIBRO _o.STAFF. Colección General |
||
| 999 |
_c46320 _d46320 |
||
| 980 |
_81 _gALBERTO SANCHEZ Responsable de Automatización |
||